00427 2200157 4500001002100000008004100021035002000062245004700082100003000129260003200159300002200191020002200213084001400235082000800249990001200257INLIS000000000002775 IND  a0010-0925000122 aSemua TentangmucNikmatusai & Eka Yulistia aNikmatusai & Eka Yulistia aJakartabRumah Oranyec2014 a248c(13 x 19 cm) a978-602-1588-63-5 a813 EKA s a813 a0754997